Effectif Stade de Reims (2025-2026) - Statistiques

Statistiques générales
  • Ce quiz a été pris 25 fois
  • Le résultat moyen est 20 sur 31
Statistiques - réponses
Numéro Poste Nationalité Nom % Correct
4 DD Belgique Maxime Busi
90%
18 DG Espagne Sergio Akieme
90%
92 DC France Abdoul Koné
86%
29 G France Ewen Jaouen
86%
3 DD Japon Hiroki Sekine
86%
17 AG Japon Keito Nakamura
86%
9 AG Danemark Mohamed Daramy
86%
27 BU Gambie Adama Bojang
81%
30 MC Irlande John Patrick
81%
24 MC Côte d'Ivoire Mory Gbane
81%
86 MC Côte d'Ivoire Patrick Zabi
81%
6 MC Belgique Theo Leoni
81%
20 G France Alexandre Olliero
76%
5 DC France Nicolas Pallois
76%
8 MC Côte d'Ivoire Yaya Fofana
76%
87 MOC Mali Ange Martial Tia
71%
28 DC Côte d'Ivoire Elie N'Tamon
71%
2 DC Kenya Joseph Okumu
71%
85 BU Nigeria Hafiz Umar Ibrahim
67%
76 BU France Lenny Sylla
67%
94 G Guinée Soumaïla Sylla
67%
7 AD Mali Thiemoko Diarra
67%
22 DC Cameroun Samuel Kotto
62%
- Coach Belgique Karel Geraerts
57%
90 AD France Yassine Benhattab
57%
56 DG Italie Jean Mambuku
24%
46 AD France Tidiane Diarrassouba
24%
73 AG Irlande Ikechukwu Orazi
19%
19 MC France Ansoumana Dansokho
14%
14 BU France Arone Gadou
14%
12 AD Belgique Maël Debondt
14%
Aucun quiz correspondant
Distribution des résultats
% des personnes avec chaque résultat
Percentile par nombre de réponses
Votre historique - résultats
Vous n’avez pas pris ce quiz